Aprender a escribir, leer y argumentar en la universidad. Orientaciones para géneros académicos

שמור ב:
מידע ביבליוגרפי
מחבר ראשי: Torres Perdigón, Andrea (autora)
מחברים אחרים: Galvis Ardila, Jazmín (autora)
פורמט: לא ידוע
שפה:אנגלית
יצא לאור: Bogotá, Colombia: Universidad Ean; Pontificia Universidad Javeriana, 2018
מהדורה:1a edición.
נושאים:
תגים: הוספת תג
אין תגיות, היה/י הראשונ/ה לתייג את הרשומה!

MARC

LEADER 00000 a2200000 4500
003 CL-VaPUC
005 20250505105618.0
008 211209b2018 ||||| |||| 00| 0 eng d
999 |c 433712  |d 433710 
020 |a 9789587566024 
040 |c Pontificia Universidad Católica de Valparaíso 
082 |a 418.02 TOR 2018  |2 22 
100 |a Torres Perdigón, Andrea  |9 863535  |e autora 
245 |a Aprender a escribir, leer y argumentar en la universidad.  |b Orientaciones para géneros académicos 
250 |a 1a edición.  
260 |a Bogotá, Colombia:   |b Universidad Ean;  |b Pontificia Universidad Javeriana,   |c 2018 
300 |a 88 páginas  
583 |k GC  |c 20211209 
650 0 |a Arte de escribir  |9 316418 
650 0 |a Lingüística  |9 265068 
650 0 |a Comunicación oral y escrita  |9 345084 
650 0 |a Análisis del discurso  |9 256696 
650 0 |a Revisión bibliográfica  |9 902577 
700 1 |a Galvis Ardila, Jazmín  |9 865163  |e autora 
942 |2 ddc  |c BK 
952 |0 0  |1 0  |2 ddc  |4 0  |6 418_020000000000000_TOR_2018  |7 0  |8 A  |9 579503  |a BIBCUR  |b BIBCUR  |c GEN  |d 2021-12-09  |e 3  |g 11853.00  |i 5628393  |o 418.02 TOR 2018  |p 5628393  |r 2025-04-22  |t 1  |v 11853.00  |w 2021-12-09  |y BK  |k PER 
952 |0 0  |1 0  |2 ddc  |4 0  |6 418_020000000000000_TOR_2018  |7 0  |8 A  |9 594048  |a BIBCUR  |b BIBCUR  |d 2024-04-15  |e 13  |g 25775.00  |i 5660695  |l 2  |o 418.02 TOR 2018  |p 5660695  |r 2025-04-22  |s 2024-06-25  |t 3  |v 25775.00  |w 2024-04-15  |y BK  |k PER 
952 |0 0  |1 0  |2 ddc  |4 0  |6 418_020000000000000_TOR_2018  |7 0  |8 A  |9 594049  |a BIBCUR  |b BIBCUR  |d 2024-04-15  |e 13  |g 25775.00  |i 5660694  |l 1  |o 418.02 TOR 2018  |p 5660694  |r 2025-04-22  |s 2024-06-07  |t 2  |v 25775.00  |w 2024-04-15  |y BK  |k PER